| 000 | 00648nam a2200181Ia 4500 | ||
|---|---|---|---|
| 008 | 100920s9999 xx 000 0 und d | ||
| 082 |
_b83539 _a24 न 00 |
||
| 100 | _aरत्तू कृष्णकुमार. | ||
| 245 | _aभारत : नींद में संघर्ष. | ||
| 260 |
_bसुरङी पब्लिकेशन, जयपूर. _c2000 |
||
| 300 |
_a173 _bसाधी |
||
| 365 | _b175 | ||
| 520 | _aसायो. | ||
| 630 | _aभारत : नींद में संघर्ष. | ||
| 650 | _aसायो. | ||
| 730 | _aभारत : नींद में संघर्ष. | ||
| 942 | _cBOOK | ||
| 999 |
_c724163 _d724160 |
||